[Event "Bodensee op"]
[Site "Bregenz"]
[Date "2024.05.05"]
[Round "2"]
[White "Schmied, Eva Maria"]
[Black "Schipper, Paul"]
[Result "0-1"]
[WhiteElo "1895"]
[BlackElo "2006"]
[PlyCount "52"]
[EventDate "2024.05.04"]
[EventType "swiss"]
[EventRounds "9"]
[EventCountry "AUT"]
[SourceTitle "CB20_2024"]
[SourceDate "2024.05.16"]
[SourceVersion "1"]
[SourceVersionDate "2024.05.16"]
[SourceQuality "1"]

1. e4 c6 2. d4 d5 3. Nd2 dxe4 4. Nxe4 Nf6 5. Nxf6+ exf6 6. c3 Bd6 7. Bd3 0-0 8. Qc2 Re8+ 9. Ne2 h5 10. Be3 Nd7 11. 0-0-0 Nf8 12. Kb1 Be6 13. Nf4 Qc7 14. Nxe6 Rxe6 15. g3 Re7 16. Qe2 g6 17. g4 h4 18. Qf3 Kg7 19. Qh3 Ne6 20. f4 Bxf4 21. Bxf4 Nxf4 22. Qxh4 Nxd3 23. Rxd3 Re2 24. g5 Qb6 25. gxf6+ Kg8 26. b4 Qa6 0-1

[Event "Bodenmais Arber op 10th"]
[Site "Bodenmais"]
[Date "2023.08.07"]
[Round "3"]
[White "Meertens, Martin"]
[Black "Schmied, Eva Maria"]
[Result "1-0"]
[WhiteElo "2079"]
[BlackElo "1781"]
[PlyCount "75"]
[EventDate "2023.08.05"]
[EventType "swiss"]
[EventRounds "9"]
[EventCountry "GER"]
[SourceTitle "EXT 2024"]
[Source "ChessBase"]
[SourceDate "2023.10.10"]
[SourceVersion "1"]
[SourceVersionDate "2023.10.10"]
[SourceQuality "1"]

1. Nf3 Nf6 2. d4 d5 3. c4 c6 4. Nc3 e6 5. e3 Nbd7 6. Bd3 dxc4 7. Bxc4 b5 8. Bd3 Bb7 9. 0-0 a6 10. a4 b4 11. Ne2 a5 12. b3 c5 13. Ne5 cxd4 14. Nxd7 Nxd7 15. Nxd4 Be7 16. Qh5 g6 17. Qe2 0-0 18. Rd1 Qb6 19. Bb2 Bf6 20. Nb5 Bxb2 21. Qxb2 Nc5 22. Bc4 Rfd8 23. Qe5 Rac8 24. f3 Nd7 25. Qg5 Kg7 26. Nd6 Rc5 27. Qe7 Ne5 28. Bxe6 Rxd6 29. Rxd6 Rc1+ 30. Rxc1 Qxe3+ 31. Kf1 Qxc1+ 32. Kf2 Nd3+ 33. Rxd3 Qc2+ 34. Kg3 Qxd3 35. Qxf7+ Kh6 36. Qf8+ Kg5 37. Qf4+ Kh5 38. Bg4# 1-0

[Event "Ceske Budejovice op-A"]
[Site "Ceske Budejovice"]
[Date "2023.07.09"]
[Round "9"]
[White "Dejmek, Tomas"]
[Black "Schmied, Eva Maria"]
[Result "1/2-1/2"]
[WhiteElo "1548"]
[BlackElo "1818"]
[PlyCount "104"]
[EventDate "2023.07.01"]
[EventType "swiss"]
[EventRounds "9"]
[EventCountry "CZE"]
[SourceTitle "CBM 215 Extra"]
[Source "ChessBase"]
[SourceDate "2023.09.30"]
[SourceVersion "1"]
[SourceVersionDate "2023.09.30"]
[SourceQuality "1"]

1. d4 d5 2. c4 c6 3. Nc3 Nf6 4. Nf3 e6 5. Bg5 Nbd7 6. e3 Qa5 7. Nd2 dxc4 8. Bxf6 Nxf6 9. Nxc4 Qc7 10. Bd3 b6 11. e4 Bb4 12. a3 Bxc3+ 13. bxc3 Ba6 14. e5 Bxc4 15. Bxc4 Nd5 16. Qf3 Rd8 17. 0-0 0-0 18. Rfd1 c5 19. Rac1 Qe7 20. Qh3 Rd7 21. Bd3 g6 22. Be4 cxd4 23. cxd4 Rfd8 24. Rd2 Qg5 25. Rcd1 Rc8 26. Rd3 Nf4 27. Qe3 h6 28. h4 Qxh4 29. g3 Nh3+ 30. Kg2 Qg4 31. Bf3 Qf5 32. g4 Nf4+ 33. Kg3 Qxd3 34. Rxd3 Nxd3 35. Qxd3 Rcd8 36. Qa6 Rc7 37. Qa4 Rcd7 38. Bc6 Rc7 39. f4 Rdc8 40. d5 exd5 41. Bxd5 Rc3+ 42. Bf3 Re3 43. Kf2 Rd3 44. Qxa7 Rc2+ 45. Ke1 Rb3 46. Qb8+ Kg7 47. Qd6 Rb1+ 48. Bd1 Rcc1 49. Qf6+ Kg8 50. e6 Rxd1+ 51. Kf2 Rf1+ 52. Kg2 Rg1+ 1/2-1/2

[Event "Ceske Budejovice op-A"]
[Site "Ceske Budejovice"]
[Date "2023.07.05"]
[Round "5"]
[White "Vojtek, Pavel"]
[Black "Schmied, Eva Maria"]
[Result "0-1"]
[WhiteElo "1761"]
[BlackElo "1818"]
[PlyCount "72"]
[EventDate "2023.07.01"]
[EventType "swiss"]
[EventRounds "9"]
[EventCountry "CZE"]
[SourceTitle "CBM 215 Extra"]
[Source "ChessBase"]
[SourceDate "2023.09.30"]
[SourceVersion "1"]
[SourceVersionDate "2023.09.30"]
[SourceQuality "1"]

1. e4 c5 2. Nf3 e6 3. d4 cxd4 4. Nxd4 Nc6 5. Bf4 d6 6. Nxc6 bxc6 7. c4 e5 8. Be3 Nf6 9. f3 Be7 10. Nc3 0-0 11. Be2 Be6 12. 0-0 d5 13. cxd5 cxd5 14. exd5 Bxd5 15. Nxd5 Nxd5 16. Bf2 Nf4 17. Bc4 Bd6 18. Kh1 Qf6 19. Qc2 a5 20. b3 Kh8 21. Rad1 Rac8 22. Be1 Bb4 23. Bxb4 axb4 24. Qd2 Rb8 25. Rfe1 Rfd8 26. Qe3 Rxd1 27. Rxd1 Qg6 28. Qd2 h6 29. g3 Ne6 30. Re1 Nd4 31. Kg2 Qc6 32. Qd3 f6 33. Re4 Ra8 34. Qd2 Nxf3 35. Qe2 Ng5 36. Bd3 f5 0-1

[Event "Ceske Budejovice op-A"]
[Site "Ceske Budejovice"]
[Date "2022.07.06"]
[Round "6"]
[White "Nejdl, Eduard"]
[Black "Schmied, Eva Maria"]
[Result "0-1"]
[WhiteElo "1951"]
[BlackElo "1718"]
[PlyCount "37"]
[EventDate "2022.07.01"]
[EventType "swiss"]
[EventRounds "9"]
[EventCountry "CZE"]
[SourceTitle "CBM 209 Extra"]
[Source "ChessBase"]
[SourceDate "2022.09.30"]
[SourceVersion "1"]
[SourceVersionDate "2022.09.30"]
[SourceQuality "1"]

1. e4 c5 2. Nf3 e6 3. Nc3 Nc6 4. d4 cxd4 5. Nxd4 Qc7 6. g3 a6 7. Bg2 Nf6 8. Nb3 Bb4 9. 0-0 h5 10. Bf4 e5 11. Bg5 Bxc3 12. bxc3 Nd8 13. Qd3 Ne6 14. Bc1 Nc5 15. Qe3 b6 16. a4 d6 17. a5 Be6 18. axb6 Qxb6 19. Ba3 0-1

[Event "Ceske Budejovice op-A"]
[Site "Ceske Budejovice"]
[Date "2022.07.01"]
[Round "1"]
[White "Vltavsky, Vladimir"]
[Black "Schmied, Eva Maria"]
[Result "1-0"]
[WhiteElo "2106"]
[BlackElo "1718"]
[PlyCount "70"]
[EventDate "2022.07.01"]
[EventType "swiss"]
[EventRounds "9"]
[EventCountry "CZE"]
[SourceTitle "CBM 209 Extra"]
[Source "ChessBase"]
[SourceDate "2022.09.30"]
[SourceVersion "1"]
[SourceVersionDate "2022.09.30"]
[SourceQuality "1"]

1. e4 c5 2. Nf3 e6 3. c3 Nf6 4. e5 Nd5 5. d4 cxd4 6. cxd4 d6 7. Bd2 Qb6 8. Nc3 Nc6 9. Nxd5 exd5 10. Bc3 Be7 11. Be2 0-0 12. 0-0 Bg4 13. Re1 Rad8 14. h3 Bxf3 15. Bxf3 dxe5 16. dxe5 d4 17. Bd2 Rfe8 18. Qb3 Bc5 19. Qxb6 Bxb6 20. Bxc6 bxc6 21. Rac1 Re6 22. f4 Rd5 23. Kf2 h5 24. Kf3 Kf8 25. Re4 Ke7 26. Rce1 g6 27. g4 hxg4+ 28. hxg4 Kd7 29. f5 gxf5 30. gxf5 Re8 31. e6+ fxe6 32. fxe6+ Kd6 33. Bf4+ Kc5 34. e7 d3 35. a4 d2 1-0

[Event "Lugano op 10"]
[Site "Lugano"]
[Date "2021.10.31"]
[Round "3"]
[White "Schmied, Eva Maria"]
[Black "Graf, Stefan"]
[Result "1/2-1/2"]
[WhiteElo "1697"]
[BlackElo "1683"]
[PlyCount "41"]
[EventDate "2021.10.29"]
[EventType "swiss"]
[EventRounds "5"]
[EventCountry "SUI"]
[SourceTitle "CBM 205 Extra"]
[Source "ChessBase"]
[SourceDate "2022.01.31"]
[SourceVersion "1"]
[SourceVersionDate "2022.01.31"]
[SourceQuality "1"]

1. e4 e5 2. Nf3 Nc6 3. Bb5 a6 4. Ba4 Nf6 5. d3 Be7 6. Bxc6 dxc6 7. Nxe5 0-0 8. 0-0 Re8 9. Nf3 Bg4 10. Re1 Bb4 11. Bd2 Bc5 12. a3 h6 13. Be3 Bxe3 14. Rxe3 Nxe4 15. h3 Bh5 16. g4 Bg6 17. Qe2 Nf6 18. Nbd2 Nd5 19. Rxe8+ Qxe8 20. Qxe8+ Rxe8 21. Re1 1/2-1/2

[Event "Lugano op 10"]
[Site "Lugano"]
[Date "2021.10.29"]
[Round "1"]
[White "Schmied, Eva Maria"]
[Black "Loeffler, Markus"]
[Result "1/2-1/2"]
[WhiteElo "1697"]
[BlackElo "2293"]
[PlyCount "113"]
[EventDate "2021.10.29"]
[EventType "swiss"]
[EventRounds "5"]
[EventCountry "SUI"]
[SourceTitle "CBM 205 Extra"]
[Source "ChessBase"]
[SourceDate "2022.01.31"]
[SourceVersion "1"]
[SourceVersionDate "2022.01.31"]
[SourceQuality "1"]

1. e4 c5 2. Nf3 d6 3. d4 cxd4 4. Nxd4 Nf6 5. Nc3 a6 6. h3 e5 7. Nb3 Be7 8. f4 Nc6 9. g4 h6 10. Be3 b5 11. Bg2 Bb7 12. Qd2 exf4 13. Bxf4 b4 14. Nd5 Nxd5 15. exd5 Bh4+ 16. Kd1 Ne7 17. Qxb4 Bxd5 18. Bxd5 Nxd5 19. Qe4+ Ne7 20. c3 0-0 21. Kc2 Ng6 22. Rad1 Re8 23. Qf3 Nxf4 24. Qxf4 Re2+ 25. Kb1 d5 26. Rhf1 Bf6 27. Qf3 Re4 28. Nc5 Re5 29. Nd3 Re7 30. Nf4 Rb8 31. Nxd5 Reb7 32. Rf2 Bg5 33. Nb4 Qb6 34. Re2 a5 35. Nd5 Qc5 36. Rde1 Qb5 37. Qg2 a4 38. Nb4 a3 39. Re5 Qd7 40. Qe2 axb2 41. Re8+ Kh7 42. Rxb8 Rxb8 43. Kxb2 Bf6 44. Kb3 Kg8 45. Rd1 Qa7 46. a4 Qa5 47. Qc4 Qa7 48. Qc6 Qe3 49. a5 Qe2 50. Ra1 Rxb4+ 51. cxb4 Qb2+ 52. Kc4 Qxa1 53. a6 Qc3+ 54. Kb5 Qd3+ 55. Ka4 Qd1+ 56. Kb5 Qf1+ 57. Qc4 1/2-1/2

[Event "Ceske Budejovice op"]
[Site "Ceske Budejovice"]
[Date "2021.07.05"]
[Round "5"]
[White "Vilimek, Vit"]
[Black "Schmied, Eva Maria"]
[Result "1/2-1/2"]
[WhiteElo "1895"]
[BlackElo "1710"]
[PlyCount "83"]
[EventDate "2021.07.01"]
[EventType "swiss"]
[EventRounds "9"]
[EventCountry "CZE"]
[SourceTitle "CBM 203 Extra"]
[Source "ChessBase"]
[SourceDate "2021.09.30"]
[SourceVersion "1"]
[SourceVersionDate "2021.09.30"]
[SourceQuality "1"]

1. e4 c5 2. b4 cxb4 3. a3 e5 4. Nf3 Nc6 5. Bb5 Nf6 6. Bb2 a6 7. axb4 Bxb4 8. 0-0 0-0 9. Nxe5 Re8 10. d4 Rb8 11. Bc4 Nxe5 12. dxe5 Nxe4 13. Bxf7+ Kxf7 14. Qd5+ Re6 15. Qxe4 Bf8 16. Qxh7 Rh6 17. Qe4 Kg8 18. Nd2 b5 19. Qf4 Rbb6 20. Ne4 Be7 21. f3 Rbg6 22. Ba3 b4 23. Bc1 Rh4 24. Qe3 d5 25. exd6 Bxd6 26. Nxd6 Qxd6 27. f4 Bb7 28. g3 Qd5 29. Qf3 Qxf3 30. Rxf3 Bxf3 31. f5 Rgg4 32. Kf2 Rxh2+ 33. Kxf3 Rc4 34. Rxa6 Rhxc2 35. Bf4 b3 36. Rb6 R2c3+ 37. Kg4 Rc8 38. Be5 R3c4+ 39. Kg5 R4c5 40. Kf4 Rc4+ 41. Kg5 Re4 42. Rb5 1/2-1/2

[Event "Ceske Budejovice op"]
[Site "Ceske Budejovice"]
[Date "2021.07.02"]
[Round "2"]
[White "Jirousek, Jan"]
[Black "Schmied, Eva Maria"]
[Result "1-0"]
[WhiteElo "1985"]
[BlackElo "1710"]
[PlyCount "57"]
[EventDate "2021.07.01"]
[EventType "swiss"]
[EventRounds "9"]
[EventCountry "CZE"]
[SourceTitle "CBM 203 Extra"]
[Source "ChessBase"]
[SourceDate "2021.09.30"]
[SourceVersion "1"]
[SourceVersionDate "2021.09.30"]
[SourceQuality "1"]

1. d4 Nf6 2. c4 g6 3. Nc3 d5 4. cxd5 Nxd5 5. e4 Nxc3 6. bxc3 Bg7 7. Rb1 c5 8. Nf3 0-0 9. Be2 Nc6 10. d5 Bxc3+ 11. Bd2 Bxd2+ 12. Qxd2 Na5 13. h4 f6 14. h5 g5 15. Nxg5 fxg5 16. Qxg5+ Kf7 17. h6 Ke8 18. Bb5+ Bd7 19. Qh5+ Rf7 20. e5 Kf8 21. Bxd7 Qxd7 22. e6 Qe8 23. exf7 Qxf7 24. Qe5 Qg6 25. 0-0 Kf7 26. Rbe1 Qf6 27. Qc7 b6 28. Re6 Qh4 29. Rfe1 1-0

[Event "Arber op 7th"]
[Site "Bodenmais"]
[Date "2018.08.03"]
[Round "7"]
[White "Schmied, Eva Maria"]
[Black "Fuchs, Florian1111"]
[Result "0-1"]
[WhiteElo "1559"]
[BlackElo "1621"]
[PlyCount "52"]
[EventDate "2018.07.28"]
[EventType "swiss"]
[EventRounds "9"]
[EventCountry "GER"]
[SourceTitle "CBM 185 Extra"]
[Source "ChessBase"]
[SourceDate "2018.07.29"]
[SourceVersion "1"]
[SourceVersionDate "2018.07.29"]
[SourceQuality "1"]

1. e4 c5 2. Nf3 e6 3. d4 cxd4 4. Nxd4 Nc6 5. Nb5 d6 6. Bf4 e5 7. Bc1 Nf6 8. Bg5 a6 9. Bxf6 gxf6 10. N5c3 f5 11. Bc4 Qg5 12. g3 Be6 13. Nd5 Rc8 14. h4 Qg6 15. h5 Qg5 16. Nbc3 Nd4 17. Bb3 fxe4 18. Nxe4 Qf5 19. Ndf6+ Kd8 20. c3 Nf3+ 21. Kf1 Rc6 22. Qd3 Be7 23. Nd5 Qxe4 24. Qd1 Nd2+ 25. Kg1 Bxd5 26. Rh4 Qg2# 0-1

[Event "Arber op 7th"]
[Site "Bodenmais"]
[Date "2018.07.31"]
[Round "4"]
[White "Vennemann, Juergen"]
[Black "Schmied, Eva Maria"]
[Result "1-0"]
[WhiteElo "1887"]
[BlackElo "1559"]
[PlyCount "75"]
[EventDate "2018.07.28"]
[EventType "swiss"]
[EventRounds "9"]
[EventCountry "GER"]
[SourceTitle "CBM 185 Extra"]
[Source "ChessBase"]
[SourceDate "2018.07.29"]
[SourceVersion "1"]
[SourceVersionDate "2018.07.29"]
[SourceQuality "1"]

1. d4 Nf6 2. c4 g6 3. Nc3 d5 4. cxd5 Nxd5 5. e4 Nxc3 6. bxc3 Bg7 7. Bc4 c5 8. Ne2 Nc6 9. Be3 Qa5 10. Qd2 cxd4 11. cxd4 Qxd2+ 12. Kxd2 0-0 13. Rhd1 Na5 14. Bd3 b6 15. Rac1 Bb7 16. Rc7 e6 17. Rdc1 Rac8 18. f4 Rxc7 19. Rxc7 Rc8 20. Rxc8+ Bxc8 21. Nc3 f5 22. e5 Bd7 23. Nb5 Nc6 24. Bc4 Na5 25. Kc3 Nxc4 26. Kxc4 a6 27. Nc7 Bc8 28. d5 exd5+ 29. Kxd5 Bb7+ 30. Kd6 Bf8+ 31. Kd7 Ba3 32. Bxb6 Bxg2 33. e6 Kf8 34. Nxa6 Bf1 35. Bc5+ Bxc5 36. Nxc5 Bb5+ 37. Kd8 h6 38. Nd7+ 1-0

[Event "AUT-ch U14 Girls"]
[Site "Woerth"]
[Date "2015.05.23"]
[Round "1.6"]
[White "Schmied, Eva Maria"]
[Black "Hadler, Hannah"]
[Result "0-1"]
[WhiteElo "891"]
[BlackElo "1123"]
[PlyCount "48"]
[EventDate "2015.05.23"]
[EventType "swiss"]
[EventRounds "7"]
[EventCountry "AUT"]
[SourceTitle "EXT 2024"]
[Source "ChessBase"]
[SourceDate "2023.10.10"]
[SourceVersion "1"]
[SourceVersionDate "2023.10.10"]
[SourceQuality "1"]

1. d4 d5 2. c4 dxc4 3. e3 f6 4. Bxc4 e5 5. Nf3 Nc6 6. 0-0 Bg4 7. h3 Bh5 8. Be2 Qd7 9. Nxe5 Bxe2 10. Nxd7 Bxd1 11. Nxf8 Be2 12. Re1 Bc4 13. b3 Bf7 14. Ba3 Nge7 15. Nxh7 Rxh7 16. Nd2 0-0-0 17. Bc5 Nd5 18. e4 Ndb4 19. Rec1 Nd3 20. Rc3 Nxc5 21. Rxc5 Rxd4 22. Nf3 Rxe4 23. Rcc1 Nd4 24. Rc3 Ne2+ 0-1

[Event "AUT-ch U14 Girls"]
[Site "Woerth"]
[Date "2015.05.23"]
[Round "2.6"]
[White "Schmied, Eva Maria"]
[Black "Haslwanter, Celina"]
[Result "0-1"]
[WhiteElo "891"]
[BlackElo "1049"]
[PlyCount "88"]
[EventDate "2015.05.23"]
[EventType "swiss"]
[EventRounds "7"]
[EventCountry "AUT"]
[SourceTitle "EXT 2024"]
[Source "ChessBase"]
[SourceDate "2023.10.10"]
[SourceVersion "1"]
[SourceVersionDate "2023.10.10"]
[SourceQuality "1"]

1. d4 d5 2. c4 Nf6 3. Nf3 dxc4 4. e3 Be6 5. b3 cxb3 6. axb3 Bg4 7. Be2 e6 8. 0-0 Nc6 9. Nc3 a6 10. Ne5 Bb4 11. Bb2 Bxc3 12. Bxc3 Bxe2 13. Qxe2 Ne4 14. Nxc6 bxc6 15. Rfc1 Qd5 16. Ba5 Rc8 17. Qf3 f5 18. Qh5+ g6 19. Qe2 0-0 20. Qxa6 Qxb3 21. Qxc6 Qb2 22. Qxe6+ Kg7 23. Qa2 Qxa2 24. Rxa2 c5 25. Rac2 f4 26. Bd2 f3 27. g3 Rf5 28. Bb4 h5 29. Bxc5 h4 30. Ba3 Rxc2 31. Rxc2 hxg3 32. hxg3 Rb5 33. Rc7+ Kg8 34. Re7 Rb1+ 35. Kh2 Nxf2 36. g4 Nxg4+ 37. Kg3 f2 38. Kxg4 f1Q 39. Re8+ Kf7 40. Rd8 Qf5+ 41. Kh4 Rh1+ 42. Kg3 Rg1+ 43. Kh2 Qg5 44. Rh8 Qg2# 0-1